000 00759nam a2200229 4500
003 OSt
005 20260530115324.0
008 260520b2014 ve ||||| |||| 00| 0 spa d
040 _aICI
_bspa
_cICI
_erda
050 _aNA1 A77
100 _eautor
245 _aArquitectura y diseño :
_bla casa perfecta
300 _a162paginas:
_bilustraciones
336 _2rdacontent
_atexto
337 _2rdamedia
_asin medio
338 _2rdacarrier
_avolumen
500 _aNúmero especial dedicado a arquitectura residencial, interiorismo y tendencias de diseño contemporáneo.
650 _aArquitectura residencial
_xRevistas
_934762
650 _aDiseño de interiores
_xRevistas
_934763
650 _aCasas
_xDiseño y construcción
_934764
942 _2lcc
_n1
_cBK
999 _c13894
_d13894